Sudan : Recent Economic Developments.

This paper reviews economic developments in Sudan during 1997-99. Sudan initiated reforms under the 1997 and 1998 Staff-Monitored Programs. Real GDP growth accelerated modestly to an annual average of about 6 percent during 1997-98. Inflation declined from an average of 133 percent in 1996 to 17 per...

Descripción completa

Detalles Bibliográficos
Autor Corporativo: International Monetary Fund
Formato: Revista
Lenguaje:English
Publicado: Washington, D.C. : International Monetary Fund, 1999.
Colección:IMF Staff Country Reports; Country Report ; No. 1999/053
Acceso en línea:Full text available on IMF
LEADER 01627cas a2200241 a 4500
001 AALejournalIMF007615
008 230101c9999 xx r poo 0 0eng d
020 |c 5.00 USD 
020 |z 9781451833683 
022 |a 1934-7685 
040 |a BD-DhAAL  |c BD-DhAAL 
110 2 |a International Monetary Fund. 
245 1 0 |a Sudan :   |b Recent Economic Developments. 
264 1 |a Washington, D.C. :  |b International Monetary Fund,  |c 1999. 
300 |a 1 online resource (113 pages) 
490 1 |a IMF Staff Country Reports 
500 |a <strong>Off-Campus Access:</strong> No User ID or Password Required 
500 |a <strong>On-Campus Access:</strong> No User ID or Password Required 
506 |a Electronic access restricted to authorized BRAC University faculty, staff and students 
520 3 |a This paper reviews economic developments in Sudan during 1997-99. Sudan initiated reforms under the 1997 and 1998 Staff-Monitored Programs. Real GDP growth accelerated modestly to an annual average of about 6 percent during 1997-98. Inflation declined from an average of 133 percent in 1996 to 17 percent in 1998. Fiscal revenue buoyancy has increased markedly after years of stagnation at low levels and, coupled with an improvement in budget control, has succeeded in sharply reducing the overall budget deficit. Aided by positive real rates of returns, financial disintermediation has been halted. 
538 |a Mode of access: Internet 
830 0 |a IMF Staff Country Reports; Country Report ;  |v No. 1999/053 
856 4 0 |z Full text available on IMF  |u http://elibrary.imf.org/view/journals/002/1999/053/002.1999.issue-053-en.xml  |z IMF e-Library